Statistics for Act My Age- One Direction

Click here to take the quiz!

General Stats

  • This quiz has been taken 121 times
    (117 since last reset)
  • The average score is 13 of 15

Answer Stats

Lyrics Missing lyrics % Correct
When I'm fat and old and my kids think I'm ajoke
98%
I won't act my age, no, I won't act myage
98%
When I'm fat and old and my kids think I'm ajoke
98%
Cause I move a little slow when Idance
96%
Cause the stories I told, I tell again andagain
95%
I won't act my age, no, I won't act my age, no, I still feel the same aroundyou
95%
I won't act my age, no, I won't act my age, No I'll still feel the same aroundyou
95%
I can count on you after all we've beenthrough
94%
Cause I know that you'll alwaysunderstand
91%
I can count on you after all we got up to, Cause I know that trulyunderstand
91%
When I can hardly walk and my hair is fallingout
78%
We'll still stay up 'til morning, you'll throw the after-party, oh, yeah, oh,yeah
77%
I won't act my age, no, I won't act my age, No I'll still feel the same and you will,too
77%
No, I still feel the same around youHey
61%
I won't act my age, no, I won't act my age, no, I'll still feel the same and you will tooHey
61%

Score Distribution

Percentile by Number Answered

Percent of People with Each Score

Your Score History

You have not taken this quiz since the last reset